<?xml version="1.0" encoding="UTF-8"?><record xmlns="http://www.loc.gov/MARC21/slim" xmlns:zs="http://docs.oasis-open.org/ns/search-ws/sruResponse">
  <leader>02280cam a2200481 a 4500</leader>
  <controlfield tag="001">579472</controlfield>
  <controlfield tag="008">900319s1991    dcuab    b   f001 0 eng  </controlfield>
  <controlfield tag="005">20250630040047.9</controlfield>
  <datafield ind1=" " ind2=" " tag="010">
    <subfield code="a">   90005878 </subfield>
  </datafield>
  <datafield ind1=" " ind2=" " tag="035">
    <subfield code="9">(DLC)   90005878</subfield>
  </datafield>
  <datafield ind1=" " ind2=" " tag="040">
    <subfield code="a">DLC</subfield>
    <subfield code="c">DLC</subfield>
    <subfield code="d">DLC</subfield>
  </datafield>
  <datafield ind1=" " ind2=" " tag="043">
    <subfield code="a">f-iv---</subfield>
  </datafield>
  <datafield ind1="0" ind2="0" tag="050">
    <subfield code="a">DT545.22</subfield>
    <subfield code="b">.C66 1990</subfield>
  </datafield>
  <datafield ind1="0" ind2="0" tag="082">
    <subfield code="a">966.6805</subfield>
    <subfield code="2">20</subfield>
  </datafield>
  <datafield ind1="0" ind2=" " tag="086">
    <subfield code="a">D 101.22:550-69/990</subfield>
  </datafield>
  <datafield ind1="0" ind2="0" tag="245">
    <subfield code="a">Cote d'Ivoire :</subfield>
    <subfield code="b">a country study /</subfield>
    <subfield code="c">Federal Research Division, Library of Congress ; edited by Robert E. Handloff.</subfield>
  </datafield>
  <datafield ind1=" " ind2=" " tag="250">
    <subfield code="a">3rd ed.</subfield>
  </datafield>
  <datafield ind1=" " ind2=" " tag="260">
    <subfield code="a">Washington, D.C. :</subfield>
    <subfield code="b">Federal Research Division, Library of Congress :</subfield>
    <subfield code="b">For sale by the Supt. of Docs., U.S. G.P.O.,</subfield>
    <subfield code="c">1991.</subfield>
  </datafield>
  <datafield ind1=" " ind2=" " tag="300">
    <subfield code="a">xxxii, 262 p. :</subfield>
    <subfield code="b">ill., maps ;</subfield>
    <subfield code="c">24 cm.</subfield>
  </datafield>
  <datafield ind1=" " ind2=" " tag="336">
    <subfield code="a">text</subfield>
    <subfield code="b">txt</subfield>
    <subfield code="2">rdacontent</subfield>
  </datafield>
  <datafield ind1=" " ind2=" " tag="337">
    <subfield code="a">unmediated</subfield>
    <subfield code="b">n</subfield>
    <subfield code="2">rdamedia</subfield>
  </datafield>
  <datafield ind1=" " ind2=" " tag="338">
    <subfield code="a">volume</subfield>
    <subfield code="b">nc</subfield>
    <subfield code="2">rdacarrier</subfield>
  </datafield>
  <datafield ind1=" " ind2="0" tag="440">
    <subfield code="a">Area handbook series,</subfield>
    <subfield code="x">1057-5294</subfield>
  </datafield>
  <datafield ind1=" " ind2="0" tag="440">
    <subfield code="a">DA pam ;</subfield>
    <subfield code="v">550-69</subfield>
  </datafield>
  <datafield ind1=" " ind2=" " tag="500">
    <subfield code="a">"Research completed November 1988."</subfield>
  </datafield>
  <datafield ind1=" " ind2=" " tag="500">
    <subfield code="a">"Replaces the second edition of the original Area handbook for the Ivory Coast, which was reprinted in 1973 with an added summary of events covering the period January 1963 to December 1972"--Pref.</subfield>
  </datafield>
  <datafield ind1=" " ind2=" " tag="504">
    <subfield code="a">Includes bibliographical references (p. 223-241) and index.</subfield>
  </datafield>
  <datafield ind1=" " ind2=" " tag="530">
    <subfield code="a">Also available in digital form.</subfield>
  </datafield>
  <datafield ind1=" " ind2="0" tag="651">
    <subfield code="a">Côte d'Ivoire.</subfield>
  </datafield>
  <datafield ind1="1" ind2=" " tag="700">
    <subfield code="a">Handloff, Robert Earl.</subfield>
  </datafield>
  <datafield ind1="1" ind2=" " tag="700">
    <subfield code="a">Roberts, Thomas Duval,</subfield>
    <subfield code="d">1903-</subfield>
    <subfield code="t">Area handbook for Ivory Coast.</subfield>
  </datafield>
  <datafield ind1="2" ind2=" " tag="710">
    <subfield code="a">Library of Congress.</subfield>
    <subfield code="b">Federal Research Division.</subfield>
  </datafield>
  <datafield ind1="4" ind2="1" tag="856">
    <subfield code="u">http://hdl.loc.gov/loc.gdc/scd0001.00305702420</subfield>
  </datafield>
  <datafield ind1=" " ind2=" " tag="906">
    <subfield code="a">7</subfield>
    <subfield code="b">cbc</subfield>
    <subfield code="c">orignew</subfield>
    <subfield code="d">1</subfield>
    <subfield code="e">ocip</subfield>
    <subfield code="f">19</subfield>
    <subfield code="g">y-gencatlg</subfield>
  </datafield>
  <datafield ind1=" " ind2=" " tag="955">
    <subfield code="a">cip ver. bg05 to sl 05-04-91</subfield>
    <subfield code="e">CatRefProj bd08 2009-09-30</subfield>
    <subfield code="e">CatRefProj xc03 2010-01-05</subfield>
  </datafield>
  <datafield ind1=" " ind2=" " tag="955">
    <subfield code="a">LCAP batch update 2025-06-18-04:00: LCAPM-644</subfield>
  </datafield>
  <datafield ind1=" " ind2=" " tag="985">
    <subfield code="a">frd/scd</subfield>
  </datafield>
  <datafield ind1=" " ind2=" " tag="985">
    <subfield code="a">massdig</subfield>
    <subfield code="e">sloan</subfield>
  </datafield>
  <datafield ind1=" " ind2=" " tag="991">
    <subfield code="b">c-GenColl</subfield>
    <subfield code="h">DT545.22</subfield>
    <subfield code="i">.C66 1990</subfield>
    <subfield code="t">Copy 1</subfield>
    <subfield code="w">BOOKS</subfield>
  </datafield>
  <datafield ind1=" " ind2=" " tag="991">
    <subfield code="b">r-N&amp;CPR</subfield>
    <subfield code="h">D101.22:550-69</subfield>
    <subfield code="t">X-Copy</subfield>
    <subfield code="m">GovDoc</subfield>
    <subfield code="w">GenBib bi 92-001547</subfield>
  </datafield>
  <datafield ind1=" " ind2=" " tag="991">
    <subfield code="b">r-AfrRef</subfield>
    <subfield code="h">DT545.22</subfield>
    <subfield code="i">.C66 1990</subfield>
    <subfield code="t">Copy 999</subfield>
    <subfield code="w">GenBib bi 92-003050</subfield>
  </datafield>
  <datafield ind1=" " ind2=" " tag="991">
    <subfield code="b">r-G&amp;MRR</subfield>
    <subfield code="h">DT545.22</subfield>
    <subfield code="i">.C66 1990</subfield>
    <subfield code="t">Copy 999</subfield>
    <subfield code="w">GenBib bi 93-003810</subfield>
  </datafield>
  <datafield ind1=" " ind2=" " tag="991">
    <subfield code="b">r-CatRef</subfield>
    <subfield code="h">DT545.22</subfield>
    <subfield code="i">.C66 1990 x-copy</subfield>
    <subfield code="t">X-Copy</subfield>
    <subfield code="m">AfrHLCD (LM545)</subfield>
    <subfield code="w">GenBib bi 95-005171</subfield>
    <subfield code="x">No longer wanted in CatRef, CatRefProj he09 2010-09-09</subfield>
  </datafield>
</record>
